[Event "Marshall op"]
[Site "New York"]
[Date "1979.??.??"]
[Round "2"]
[White "Paolozzi, Marcos"]
[Black "Kudrin, Sergey"]
[Result "1-0"]
[WhiteElo "2375"]
[BlackElo "2360"]

1.e4 c5 2.Nf3 e6 3.d4 cxd4 4.Nxd4 Nf6 5.Nc3 Nc6 6.Ndb5 d6 7.Bf4 e5 8.Bg5 a6
9.Na3 b5 10.Bxf6 gxf6 11.Nd5 f5 12.Bd3 Be6 13.Qh5 Bg7 14.O-O f4 15.c4 bxc4
16.Bxc4 O-O 17.Rac1 Ne7 18.Rfd1 Rc8 19.Qe2 Kh8 20.Qd2 Bxd5 21.Bxd5 f5 22.Rxc8 Qxc8
23.Nc4 Rf6 24.b3 Bf8 25.Rc1 Nxd5 26.Qxd5 fxe4 27.Qxe4 f3 28.g3 Bh6 29.Rc3 Qf8
30.Nb6 Qf7 31.Nd5 Rf5 32.g4 Rg5 33.Rc7 Qg6 34.Rc8+ Kg7 35.Rg8+ Kxg8 36.Ne7+ Kg7
37.Nxg6 Rxg6 38.Qxf3 Bf4 39.Qb7+ Kf6 40.h3 h5 41.Qxa6 e4 42.Qc8 hxg4 43.hxg4 Rg5
44.a4 Rc5 45.Qf8+ Kg5 46.Qg7+ Kh4 47.Qh7+ Kxg4 48.Qxe4 Re5 49.Qg6+ Rg5 50.Qe6+ Kf3+
51.Kf1 Re5 52.Qg6 Rg5 53.Qd3+ Kg4 54.b4 Rh5 55.Qg6+ Rg5 56.Qe6+ Kh4 57.a5 Rb5
58.Qc4 Rf5 59.a6 Kg5 60.Qg8+  1-0

[Event "Marshall op"]
[Site "New York"]
[Date "1979.??.??"]
[Round "3"]
[White "Kudrin, Sergey"]
[Black "Williams, Alan P"]
[Result "1-0"]
[WhiteElo "2360"]
[BlackElo "2395"]

1.e4 c5 2.Nf3 d6 3.d4 cxd4 4.Nxd4 Nf6 5.Nc3 a6 6.Be3 e6 7.a4 Qc7 8.g3 b6
9.Bg2 Bb7 10.g4 Nc6 11.g5 Nd7 12.O-O Na5 13.Nde2 Nc4 14.Bc1 Be7 15.b3 Nce5
16.f4 Nc6 17.Be3 Nc5 18.Qe1 O-O-O 19.Nd4 Nxd4 20.Bxd4 e5 21.fxe5 dxe5 22.Be3 Rhf8
23.Nd5 Bxd5 24.exd5 Bd6 25.b4 Nd7 26.c4 Kb8 27.Qc3 e4 28.h3 Be5 29.Bd4 Bh2+
30.Kh1 f5 31.gxf6 Nxf6 32.Bxb6 Qxb6 33.Kxh2 Ka8 34.c5 Nxd5 35.Bxe4 Qc7+ 36.Qg3 Qxg3+
37.Kxg3 Rfe8 38.Bg2 Kb8 39.Rf7 Ne3 40.Bf3 h6 41.b5 a5 42.c6 Re7 43.Rxe7 Nf5+
44.Kf2 Nxe7 45.b6 Rd2+ 46.Kg1 Rc2  1-0

[Event "Marshall op"]
[Site "New York"]
[Date "1979.??.??"]
[Round "7"]
[White "Biyiasas, Peter"]
[Black "Kudrin, Sergey"]
[Result "1/2-1/2"]
[WhiteElo "2485"]
[BlackElo "2360"]

1.Nf3 e6 2.g3 b6 3.Bg2 Bb7 4.O-O Nf6 5.d3 d5 6.Nbd2 Nbd7 7.a3 c5 8.Re1 Qc7
9.e4 dxe4 10.Nxe4 Nxe4 11.dxe4 Be7 12.e5 O-O 13.Bf4 c4 14.Qe2 b5 15.Rad1 Nb6
16.h4 a6 17.Bg5 Na4 18.c3 Nc5 19.Rd4 Nd3 20.Bxe7 Qxe7 21.Rf1 Qc7 22.h5 h6
23.b3 Rad8 24.bxc4 bxc4 25.Rb1 Bxf3 26.Qxf3 Nxe5 27.Qf4 Qc5 28.Qe3 Qa5 29.Re4 Nd7
30.Rxc4 Qxa3 31.Rb7 Nf6 32.Bf3 Rc8 33.Rcc7 Rxc7 34.Rxc7 Nd5 35.Bxd5 exd5
36.Rd7 Qb3 37.Qd3 Qc4 38.Qxd5 Qxc3 39.Ra7 Qf6 40.Qa5 Re8 41.Rxa6 Qf3 42.Rb6 Rd8
43.Rb1 Rd5 44.Qa8+ Kh7 45.Re1 Qxh5 46.Kg2 Rd4 47.Re8 Qd5+ 48.Qxd5 Rxd5 49.Re7 Kg6
50.Ra7 Rd2 51.Rb7 Ra2 52.Rb6+ Kg5 53.Rb7 Kg6 54.Rb6+ f6 55.Rb7 h5 56.Rc7 Kh6
57.Rf7 Ra6 58.Rf8 Kg5 59.Rh8 g6 60.Rh7 f5 61.Rb7 h4 62.Rb4 hxg3 63.fxg3 Ra2+
64.Kh3 Re2 65.Rb8 Re6 66.Rb4  1/2-1/2

[Event "Lone Pine op"]
[Site "Lone Pine"]
[Date "1981.??.??"]
[Round "?"]
[White "Kudrin, Sergey"]
[Black "Dahlberg, Ivars A"]
[Result "1-0"]
[WhiteElo "2425"]
[BlackElo "2480"]

1.e4 c5 2.Nf3 d6 3.d4 cxd4 4.Nxd4 Nf6 5.Nc3 Nc6 6.Bc4 e6 7.Bb3 a6 8.f4 Be7
9.Be3 O-O 10.O-O Nxd4 11.Bxd4 b5 12.e5 dxe5 13.fxe5 Nd7 14.Ne4 Bb7 15.Nd6 Bxd6
16.exd6 Qg5 17.Rf2 e5 18.Bc3 Nf6 19.Qf1 b4 20.Bxb4 Qh4 21.Ba5 Ng4 22.h3 Nxf2
23.Qxf2 Qg5 24.Rd1 e4 25.Bb6 Kh8 26.d7 f5 27.Bd5 Bxd5 28.Rxd5 Qc1+ 29.Kh2 Qxb2
30.Qd4 Qxa2 31.c4 h6 32.d8=Q Raxd8 33.Rxd8 Rxd8 34.Qxd8+ Kh7 35.Qc8  1-0

[Event "Lone Pine op"]
[Site "Lone Pine"]
[Date "1981.??.??"]
[Round "?"]
[White "Kudrin, Sergey"]
[Black "Ivkov, Borislav"]
[Result "1-0"]
[WhiteElo "2425"]
[BlackElo "2540"]

1.e4 e5 2.Nf3 Nc6 3.Bc4 Nf6 4.d3 Be7 5.O-O d6 6.c3 O-O 7.Bb3 Na5 8.Bc2 c5
9.Re1 b5 10.Nbd2 Nd7 11.Nf1 Bf6 12.h3 Nb6 13.d4 cxd4 14.cxd4 Nc6 15.d5 Nb4
16.Bb1 a5 17.Qe2 Bd7 18.a3 Na6 19.Bd3 Qe8 20.a4 Nc5 21.Bxb5 Nbxa4 22.Bxd7 Qxd7
23.Ra2 Rfc8 24.Bd2 Nb3 25.Be3 Rab8 26.Ng3 Bd8 27.Nf5 Rb4 28.Nxe5 Qe8 29.Qg4 Qxe5
30.Nh6+ Kf8 31.Qxc8 Qe7 32.Rxa4 Rxa4 33.Bb6 gxh6 34.Bxd8 Qe8 35.e5 dxe5 36.d6 Qe6  1-0

[Event "Lone Pine op"]
[Site "Lone Pine"]
[Date "1981.??.??"]
[Round "?"]
[White "Kudrin, Sergey"]
[Black "Jussupow, Artur"]
[Result "1/2-1/2"]
[WhiteElo "2425"]
[BlackElo "2575"]

1.e4 c5 2.Nf3 e6 3.d4 cxd4 4.Nxd4 Nf6 5.Nc3 Nc6 6.Ndb5 d6 7.Bf4 e5 8.Bg5 a6
9.Na3 b5 10.Nd5 Be7 11.Nxe7 Nxe7 12.Bxf6 gxf6 13.Qf3 f5 14.exf5 Bxf5 15.Bd3 Bxd3
16.Qxd3 d5 17.c3 Qd6 18.O-O Rg8 19.Nc2 Ng6 20.g3 e4  1/2-1/2

[Event "Lone Pine op"]
[Site "Lone Pine"]
[Date "1981.??.??"]
[Round "?"]
[White "Ivanovic, Bozidar"]
[Black "Kudrin, Sergey"]
[Result "1/2-1/2"]
[WhiteElo "2490"]
[BlackElo "2425"]

1.e4 c5 2.Nf3 d6 3.d4 cxd4 4.Nxd4 Nf6 5.Nc3 g6 6.Be3 Bg7 7.f3 Nc6 8.Qd2 O-O
9.O-O-O Nxd4 10.Bxd4 Be6 11.Kb1 Qc7 12.h4 Rfc8 13.h5 Qa5 14.hxg6 fxg6 15.a3 Bf7
16.g4 Rab8 17.g5 Nh5 18.Bxg7 Nxg7 19.Qh2 Nh5 20.Nd5 Bxd5 21.exd5 Rf8 22.Bh3 Qa4
23.Bg4 Qf4 24.Qg2 Ng3 25.Be6+ Kg7 26.Rh3 Nh5 27.Qg1 Qc4 28.Qxa7 Qc5 29.Qa4 Nf4
30.Rg3 b5 31.Qb4 Qxb4 32.axb4 Nh5 33.Rgg1 Rxf3 34.Rde1 Rf4 35.c3 Rb7 36.Re3 Rf2
37.Rge1 Nf4 38.Bc8 Rc7 39.Rxe7+ Rxe7 40.Rxe7+ Kf8 41.Rxh7 Nxd5 42.Bd7 Ne3
43.Bxb5 Nd1 44.Rh1 Nxb2 45.Rf1 Rxf1+ 46.Bxf1 Nd1 47.Bd3 Nxc3+ 48.Kc2 Nd5
49.Kb3 Nf4 50.Bc4 Ke7 51.Bg8 Kd7 52.Bf7 Kc7 53.Kc4 Nh3 54.Bxg6 Nxg5  1/2-1/2

[Event "US op"]
[Site "Palo Alto"]
[Date "1981.??.??"]
[Round "7"]
[White "Kudrin, Sergey"]
[Black "Root, Douglas"]
[Result "1/2-1/2"]
[WhiteElo "2544"]
[BlackElo "2443"]

1.e4 e6 2.d4 d5 3.Nd2 Nf6 4.e5 Nfd7 5.Bd3 c5 6.c3 Nc6 7.Ne2 f6 8.Nf4 Qe7
9.exf6 Qxf6 10.Nf3 cxd4 11.O-O Nc5 12.Nh5 Qe7 13.cxd4 Nxd3 14.Qxd3 Qf7 15.Nf4 Be7
16.Qe2 O-O 17.Nd3 Bf6 18.Nde5 Bxe5 19.dxe5 b6 20.b3 a5 21.Qd2 Ba6 22.Re1 Qg6
23.Qg5 Rxf3 24.Qxg6 hxg6 25.gxf3 Nd4 26.Be3 Nxf3+ 27.Kg2 Nxe1+ 28.Rxe1 a4
29.Rc1  1/2-1/2

[Event "US op"]
[Site "Palo Alto"]
[Date "1981.??.??"]
[Round "10"]
[White "Meyer, John C"]
[Black "Kudrin, Sergey"]
[Result "1-0"]
[WhiteElo "2417"]
[BlackElo "2544"]

1.d4 Nf6 2.Nf3 e6 3.c4 b6 4.g3 Ba6 5.b3 Bb4+ 6.Bd2 Be7 7.Bg2 c6 8.O-O d5
9.Bc3 Nbd7 10.Nbd2 Rc8 11.Re1 c5 12.cxd5 Nxd5 13.Bb2 O-O 14.Rc1 b5 15.a3 b4
16.axb4 Nxb4 17.Nc4 Qc7 18.dxc5 Bxc5 19.Qd2 h6 20.Ra1 Rfd8 21.Rec1 Nf6 22.Qe1 Ng4
23.Nce5 Nxe5 24.Nxe5 Bb5 25.Nc6 Bxc6 26.Rxc5 Nd5 27.Rac1 Qb7 28.Bxd5 Rxd5
29.Qc3 f5 30.Rxc6  1-0

[Event "US op"]
[Site "Palo Alto"]
[Date "1981.??.??"]
[Round "11"]
[White "Kudrin, Sergey"]
[Black "Mark, David"]
[Result "1-0"]
[WhiteElo "2544"]
[BlackElo "2256"]

1.e4 c5 2.Nf3 d6 3.d4 cxd4 4.Nxd4 Nf6 5.Nc3 g6 6.Be3 Bg7 7.f3 Nc6 8.Qd2 O-O
9.O-O-O Nxd4 10.Bxd4 Be6 11.Kb1 Qc7 12.Nd5 Bxd5 13.exd5 Rac8 14.Rc1 a6 15.h4 e5
16.dxe6 fxe6 17.g4 e5 18.Be3 Qc6 19.Be2 Nd5 20.h5 Nxe3 21.Qxe3 Qc5 22.Qb3+ d5
23.hxg6 hxg6 24.Rcd1 Rfd8 25.Bd3 Rc6 26.Be4 Rb6 27.Rxd5 Rxd5 28.Qxd5+ Qxd5
29.Bxd5+ Kf8 30.b3 a5 31.a3 Rb5 32.Be4 g5 33.Rd1 Ke7 34.Bf5 Bf6 35.Rd7+ Kf8
36.Be4 b6 37.Bd3 Rc5 38.Rd6  1-0

[Event "US op"]
[Site "Palo Alto"]
[Date "1981.??.??"]
[Round "12"]
[White "Whitehead, Paul A"]
[Black "Kudrin, Sergey"]
[Result "0-1"]
[WhiteElo "2403"]
[BlackElo "2544"]

1.e4 c5 2.Nf3 d6 3.d4 cxd4 4.Nxd4 Nf6 5.Nc3 g6 6.g3 Nc6 7.Nde2 Bg7 8.Bg2 O-O
9.O-O Bd7 10.h3 Rc8 11.g4 Na5 12.a4 a6 13.Ng3 b5 14.axb5 axb5 15.e5 Ne8 16.Re1 Nc4
17.exd6 Nexd6 18.Nd5 e6 19.Nb4 Qc7 20.c3 h6 21.Ra6 Rcd8 22.Nc6 Bxc6 23.Rxc6 Qa7
24.Qe2 Rc8 25.Rxc8 Rxc8 26.Rd1 Qa2 27.Bf4 Bf8 28.Ne4 Nxe4 29.Bxe4 Qxb2 30.Qd3 Bg7
31.Bxg6 fxg6 32.Qxg6 Rf8 33.Qxe6+ Kh8 34.Bg3 Qxc3 35.Rd5 b4 36.Rc5 b3 37.Rxc4 b2
38.Rxc3 b1=Q+ 39.Kg2 Bxc3 40.Qxh6+ Kg8 41.Qe6+ Kh7 42.Bd6 Qb7+ 43.Kg1 Rf6
44.Qe8 Rxd6  0-1

[Event "Gausdal Young Men"]
[Site "Gausdal"]
[Date "1982.??.??"]
[Round "1"]
[White "Thorisson, S."]
[Black "Kudrin, Sergey"]
[Result "0-1"]
[WhiteElo "2200"]
[BlackElo "2480"]

1.e4 c5 2.Nf3 d6 3.d4 cxd4 4.Nxd4 Nf6 5.Nc3 g6 6.f3 Bg7 7.Be3 Nc6 8.Qd2 O-O
9.g4 e6 10.h4 d5 11.Nxc6 bxc6 12.O-O-O Qa5 13.exd5 Rb8 14.Bd4 exd5 15.Bxf6 Bxf6
16.Qf4 Bf5 17.gxf5 Rxb2 18.Rd3 Bxc3 19.fxg6 hxg6 20.h5 Rfb8 21.Kd1 Re8 22.Re3 Rxe3  0-1

[Event "Gausdal Young Men"]
[Site "Gausdal"]
[Date "1982.??.??"]
[Round "2"]
[White "Kudrin, Sergey"]
[Black "Ernst, Thomas"]
[Result "1-0"]
[WhiteElo "2480"]
[BlackElo "2355"]

1.e4 e5 2.Nf3 Nc6 3.Bc4 Nf6 4.d3 Be7 5.Bb3 d6 6.c3 O-O 7.O-O Na5 8.Bc2 c5
9.h3 a6 10.Nbd2 b5 11.d4 Qc7 12.a3 cxd4 13.cxd4 Rd8 14.b4 Nc4 15.Nxc4 bxc4
16.d5 Bd7 17.a4 Rdb8 18.Ba3 Qc8 19.Re1 g6 20.Re3 Bd8 21.Rc3 Bb6 22.Rc1 Nh5
23.a5 Ba7 24.Ba4 Bb5 25.Bb3 cxb3 26.Rxc8+ Rxc8 27.Qxb3 Nf4 28.Rc2 Bd3 29.Rd2 Ne2+
30.Kh2 Bb5 31.Rxe2 Bxe2 32.b5 axb5 33.Bxd6 Bxf3 34.Qxf3 Rc2 35.Bxe5 Rxf2
36.Qc3 Rf1 37.d6 Bg1+ 38.Kg3 Bf2+ 39.Kg4 Be1 40.Qc6 Rf8  1-0

[Event "Gausdal Int"]
[Site "Gausdal"]
[Date "1982.??.??"]
[Round "6"]
[White "Balshan, Amikam"]
[Black "Kudrin, Sergey"]
[Result "0-1"]
[WhiteElo "2385"]
[BlackElo "2480"]

1.Nf3 Nf6 2.g3 d5 3.Bg2 Bf5 4.c4 c6 5.cxd5 cxd5 6.Qb3 Qb6 7.Qxb6 axb6 8.Nc3 e6
9.Nh4 Bg4 10.h3 Bh5 11.g4 Bg6 12.Nxg6 hxg6 13.g5 Nh5 14.d3 Nc6 15.Bd2 Bc5
16.e3 Kd7 17.Ke2 f5 18.b3 f4 19.Rhc1 fxe3 20.fxe3 Ng3+ 21.Kf2 Rhf8+ 22.Kg1 d4
23.Be1 dxc3 24.Bxg3 Bxe3+ 25.Kh2 Bxc1 26.Rxc1 Rf5 27.Rxc3 Rxg5 28.b4 Rc8
29.Rc4 b5 30.Rh4 Ne7 31.Rd4+ Ke8 32.Re4 Rc2 33.h4 Rd5 34.Rxe6 Kf7 35.Rb6 Rxd3
36.Bf4 Rf3 37.Bg3 Re3  0-1

[Event "Gausdal Young Men"]
[Site "Gausdal"]
[Date "1982.??.??"]
[Round "6"]
[White "Kudrin, Sergey"]
[Black "Thorsteins, Karl"]
[Result "1-0"]
[WhiteElo "2480"]
[BlackElo "2310"]

1.e4 e5 2.Nf3 Nc6 3.Bc4 Nf6 4.d3 h6 5.c3 d6 6.O-O g6 7.d4 Qe7 8.Re1 Bg7 9.Nbd2 O-O
10.h3 Qd8 11.Bb3 Re8 12.a3 a5 13.Bc2 Bd7 14.Nf1 a4 15.d5 Ne7 16.c4 Nh7 17.Ng3 b5
18.cxb5 Bxb5 19.Bd2 c6 20.dxc6 Bxc6 21.Bc3 Qc7 22.Rc1 d5 23.exd5 Nxd5 24.Be4 Qb7
25.Bxe5 Bxe5 26.Rxc6 Qxc6 27.Bxd5 Qb6 28.Rxe5 Red8 29.Qe2 Rab8 30.Qc4 Rd7
31.Qxa4 Rbd8 32.Qc6 Rd6 33.Re8+  1-0

[Event "Gausdal Int"]
[Site "Gausdal"]
[Date "1982.??.??"]
[Round "8"]
[White "Morris, Walter D"]
[Black "Kudrin, Sergey"]
[Result "1/2-1/2"]
[WhiteElo "2325"]
[BlackElo "2480"]

1.e4 c5 2.Nf3 d6 3.d4 cxd4 4.Nxd4 Nf6 5.Nc3 g6 6.Be3 Bg7 7.f3 Nc6 8.Qd2 O-O
9.g4 e6 10.O-O-O d5 11.Be2 Nxd4 12.Bxd4 dxe4 13.g5 Nh5 14.Qe3 Qa5 15.fxe4 Nf4
16.Bxg7 Nxe2+ 17.Nxe2 Kxg7 18.Nc3 Qe5  1/2-1/2

[Event "Gausdal Int"]
[Site "Gausdal"]
[Date "1982.??.??"]
[Round "9"]
[White "Dlugy, Maxim"]
[Black "Kudrin, Sergey"]
[Result "1-0"]
[WhiteElo "2325"]
[BlackElo "2480"]

1.d4 Nf6 2.c4 e6 3.Nf3 b6 4.g3 Bb7 5.Bg2 Be7 6.O-O O-O 7.Nc3 Ne4 8.Nxe4 Bxe4
9.Ne1 d5 10.Qa4 Bf6 11.Be3 Bxg2 12.Nxg2 c6 13.Rac1 a6 14.Nf4 Ra7 15.cxd5 cxd5
16.Nd3 Rc7 17.Rxc7 Qxc7 18.Rc1 Qb7 19.Qc2 Qd7 20.a4 a5 21.Qc7 Qxa4 22.Qxb6 h6
23.Nc5 Qa2 24.Qb3 Qxb3 25.Nxb3 a4 26.Nc5 Rc8 27.Rc3 e5 28.Nxa4 Rxc3 29.bxc3 exd4
30.Bxd4 Bxd4 31.cxd4 Nc6 32.e3 Kf8 33.Kf1 Ke7 34.Ke2 Kd6 35.g4 Ne7 36.Nc5 Nc6
37.Nd3 Ne7 38.Nf4 Nc6 39.Nh5 g6 40.Ng3 Ke6 41.Kf3 Ne7 42.Ne2 Ng8 43.Nf4+ Kd6
44.Ke2 Nf6 45.f3 Kc6 46.Nd3 Kd6 47.Ne5 Ke6 48.Kd3 g5 49.e4 h5 50.h3 hxg4
51.hxg4 Ke7 52.exd5 Nxd5 53.Ke4 Ke6 54.Nc4 Nc3+ 55.Kd3 Nb5 56.Ne3 Nd6 57.Kc3 Nb7
58.Kc4 Kd6 59.Kb5 Nd8 60.Kc4 Nb7 61.Nf5+ Ke6 62.Ng3 f6 63.Ne4 Nd8 64.Nc5+ Kd6
65.d5 Nf7 66.Kd4 Ke7 67.Ne4 Nh6 68.Kc5 Nf7 69.Kc6 Kd8 70.Nxf6 Ne5+ 71.Kd6 Nxf3
72.Ke6 Nd4+ 73.Ke5 Nc2 74.Kf5 Ke7 75.Kxg5 Kd6 76.Kf5 Ne3+ 77.Ke4 Ng2 78.Kd4 Nh4
79.Ne4+ Ke7 80.Ke5 Nf3+ 81.Kf4 Nh4 82.g5 Ng6+ 83.Kg4 Kf7 84.d6 Nf8 85.Nc5 Ng6
86.d7 Ke7 87.Kh5 Nf4+ 88.Kh6 Nd5 89.g6  1-0

[Event "Lloyds Bank op"]
[Site "London"]
[Date "1982.??.??"]
[Round "4"]
[White "Hort, Vlastimil"]
[Black "Kudrin, Sergey"]
[Result "1/2-1/2"]
[WhiteElo "2600"]
[BlackElo "2480"]

1.d4 Nf6 2.c4 e6 3.Nc3 Bb4 4.e3 O-O 5.Bd3 c5 6.Nf3 d5 7.O-O dxc4 8.Bxc4 Nbd7
9.Qe2 b6 10.a3 cxd4 11.exd4 Bxc3 12.bxc3 Qc7 13.Bb2 Bb7 14.Bd3 h6 15.Rfc1 Rfe8
16.c4 Rac8 17.Re1 Bxf3 18.Qxf3 e5 19.d5 e4 20.Bxe4 Nxe4 21.Rxe4 Rxe4 22.Qxe4 Qxc4
23.Qf5 Nf8 24.Re1 Rd8 25.Qe5 f6 26.Qg3 Kf7 27.d6 Ne6 28.h4 Qd5 29.a4 Qxd6
30.Qg4 Nc5 31.Ba3 Qd2 32.Bb4 Qd4 33.Qh5+ Kg8 34.Bxc5 bxc5 35.Re7 Qd1+ 36.Qxd1 Rxd1+
37.Kh2 a6 38.Re6 Rd4 39.Rxa6 Rxh4+ 40.Kg1 Rb4 41.Rc6  1/2-1/2

[Event "Lloyds Bank op"]
[Site "London"]
[Date "1982.??.??"]
[Round "8"]
[White "Kortschnoj, Viktor"]
[Black "Kudrin, Sergey"]
[Result "0-1"]
[WhiteElo "2635"]
[BlackElo "2480"]

1.Nf3 Nf6 2.g3 d5 3.Bg2 Bf5 4.c4 c6 5.cxd5 cxd5 6.Qb3 Qb6 7.Qxb6 axb6 8.d3 e6
9.Nc3 Nc6 10.O-O h6 11.Nb5 Kd7 12.Bf4 Be7 13.a3 Rhc8 14.b4 g5 15.Be3 Bd8
16.h4 Ng4 17.hxg5 Nxe3 18.fxe3 hxg5 19.e4 dxe4 20.dxe4 Bg6 21.Rad1+ Ke7 22.Nxg5 Bc7
23.Rd3 Be5 24.Nh3 Rd8 25.Rf2 Nd4 26.Nxd4 Rxd4 27.Nf4 Bxe4 28.Re3 Bxg2 29.Kxg2 Bd6
30.Ref3 Rd2 31.Re3 Rc8 32.Rff3 Rcc2 33.Kf1 Ra2 34.Nh3 Rd5 35.Rc3 Be5 36.Rc8 Rd1+
37.Kg2 Rxe2+ 38.Rf2 Rxf2+ 39.Nxf2 Ra1 40.Ra8 Bd4 41.Nd3 f5 42.Ra7 Kf6 43.Nf4 Ra2+
44.Kh3 e5 45.Ng2 Kg5 46.Nh4 e4 47.Rxb7 Bg1 48.Ng2 Rxa3 49.Nf4 Bf2 50.Rg7+ Kf6
51.Nh5+ Ke5 52.Kg2 Ra2 53.Kh3 Rb2 54.Re7+ Kd4 55.Ng7 Rxb4 56.Nxf5+ Kd3 57.Kg2 Bc5
58.Rd7+ Kc3 59.Rc7 Rb2+ 60.Kh3 Kd2 61.Rd7+ Kc1 62.Rc7 Rc2 63.Ra7 e3 64.Ra1+ Kb2
65.Rh1 e2 66.Nh4 Bf2 67.Nf3 Rc3  0-1

[Event "Gausdal Int"]
[Site "Gausdal"]
[Date "1983.??.??"]
[Round "?"]
[White "Tisdall, Jonathan D"]
[Black "Kudrin, Sergey"]
[Result "1/2-1/2"]
[WhiteElo "2420"]
[BlackElo "2510"]

1.d4 Nf6 2.c4 e6 3.Nc3 Bb4 4.e3 O-O 5.a3 Bxc3+ 6.bxc3 c5 7.Bd3 Nc6 8.Ne2 b6
9.e4 Ne8 10.O-O Ba6 11.f4 f5 12.Ng3 g6 13.exf5 exf5 14.dxc5 bxc5 15.Be3 d6
16.Bxf5 gxf5 17.Qd5+ Rf7 18.Qxc6 Bxc4 19.Rfe1 Qc8 20.Qf3 Rb8 21.Rad1 Qa6
22.Bf2 Ng7 23.Nh5 Nxh5 24.Qxh5 Qc6 25.Re3 Rg7 26.Rg3 Qe4 27.Rxg7+ Kxg7 28.Qg5+  1/2-1/2

[Event "Hamar op"]
[Site "Hamar"]
[Date "1983.??.??"]
[Round "2"]
[White "Stein, Bernd"]
[Black "Kudrin, Sergey"]
[Result "0-1"]
[WhiteElo "2375"]
[BlackElo "2505"]

1.e4 c5 2.c3 d5 3.exd5 Qxd5 4.d4 e6 5.Nf3 Nf6 6.Be2 Nc6 7.O-O Be7 8.c4 Qd8
9.dxc5 Bxc5 10.Qxd8+ Kxd8 11.Nc3 Ke7 12.h3 b6 13.Bf4 Bb7 14.Rad1 Rhd8 15.a3 Bd6
16.Be3 Ne5 17.Nxe5 Bxe5 18.c5 Bxc3 19.bxc3 Nd5 20.cxb6 Nxc3 21.Bf3 Bxf3 22.Rxd8 Rxd8
23.gxf3 axb6 24.Bxb6 Rd3 25.Kg2 e5 26.Re1 Nd5 27.Bc5+ Ke6 28.Ra1 Rc3 29.Bb4 Rc4
30.Bd2 Ra4 31.Kf1 f6 32.Kg2 Kf5 33.Kf1 Nf4 34.Bxf4 Kxf4 35.Kg2 h5 36.Ra2 f5
37.Ra1 Ra6 38.a4 Rg6+ 39.Kf1 Kxf3 40.a5 Ra6 41.Ra3+ Kf4 42.Ke2 g5 43.Ra4+ e4
44.f3 Kg3 45.fxe4 f4 46.Ra3+ Kg2 47.Kd3 f3 48.Ke3 f2  0-1

[Event "Hamar op"]
[Site "Hamar"]
[Date "1983.??.??"]
[Round "4"]
[White "Kudrin, Sergey"]
[Black "Thorsteins, Karl"]
[Result "1-0"]
[WhiteElo "2505"]
[BlackElo "2370"]

1.e4 c6 2.Nc3 d5 3.Nf3 Bg4 4.h3 Bxf3 5.Qxf3 Nf6 6.g3 e6 7.Bg2 Bd6 8.Qe2 d4
9.e5 dxc3 10.bxc3 Be7 11.exf6 Bxf6 12.Rb1 Qc7 13.Ba3 Nd7 14.O-O h5 15.c4 O-O-O
16.Rb3 h4 17.g4 Qe5 18.Qf3 Qd4 19.Rxb7 Ne5 20.Qb3 Qxc4 21.Rb8+ Kd7 22.Qb7+ Ke8
23.Bd6  1-0

[Event "Hamar op"]
[Site "Hamar"]
[Date "1983.??.??"]
[Round "5"]
[White "Bjarnason, Saevar"]
[Black "Kudrin, Sergey"]
[Result "0-1"]
[WhiteElo "2420"]
[BlackElo "2505"]

1.Nf3 c5 2.g3 g6 3.Bg2 Bg7 4.O-O Nc6 5.c4 Nh6 6.Nc3 Nf5 7.a3 a5 8.e3 d6 9.Qc2 O-O
10.d3 Bd7 11.Bd2 Na7 12.Nd5 b5 13.Bc3 bxc4 14.dxc4 a4 15.Rad1 Nc6 16.g4 Bxc3
17.Nxc3 Ng7 18.h3 Qa5 19.Nd5 Rab8 20.Rd2 h5 21.Qe4 Rfe8 22.Qf4 hxg4 23.hxg4 Ne5
24.Rc2 Nxg4 25.Ng5 f6 26.Nxe7+ Rxe7 27.Bd5+ Kh8 28.Qxd6 Qd8 29.f3 Bf5 30.Qxd8+ Rxd8
31.e4 fxg5 32.exf5 Nf6 33.Rh2+ Ngh5 34.fxg6 Kg7 35.Bc6 Ng3 36.Rff2 Re1+ 37.Kg2 Ngh5  0-1

[Event "Hamar op"]
[Site "Hamar"]
[Date "1983.??.??"]
[Round "9"]
[White "Bass, Leonid"]
[Black "Kudrin, Sergey"]
[Result "1/2-1/2"]
[WhiteElo "2405"]
[BlackElo "2505"]

1.d4 Nf6 2.c4 e6 3.Nc3 Bb4 4.e3 b6 5.Ne2 Ba6 6.a3 Bxc3+ 7.Nxc3 d5 8.b3 O-O
9.Be2 Qd7 10.O-O dxc4 11.bxc4 Nc6 12.a4 e5 13.d5 Na5 14.Nb5 c6 15.dxc6 Qxc6
16.Bb2 Rfe8 17.Bf3 e4 18.Be2 Re7 19.Qc2 Rc8 20.Rfd1 Bxb5 21.axb5 Qe6 22.Bxf6 gxf6
23.Rd4 f5 24.Qd1  1/2-1/2

[Event "Hastings8384"]
[Site "Hastings"]
[Date "1983.??.??"]
[Round "2"]
[White "Kudrin, Sergey"]
[Black "Short, Nigel D"]
[Result "1/2-1/2"]
[WhiteElo "2510"]
[BlackElo "2475"]

1.e4 d6 2.d4 Nf6 3.Nc3 g6 4.g3 Bg7 5.Bg2 O-O 6.Nge2 c5 7.O-O cxd4 8.Nxd4 Bg4
9.Nde2 Qc8 10.Re1 Nc6 11.f3 Bh3 12.Bh1 Bd7 13.Be3 Re8 14.Bf2 a6 15.a4 b6
16.g4  1/2-1/2

[Event "Hastings8384"]
[Site "Hastings"]
[Date "1983.??.??"]
[Round "5"]
[White "Hebden, Mark"]
[Black "Kudrin, Sergey"]
[Result "1-0"]
[WhiteElo "2495"]
[BlackElo "2510"]

1.e4 c5 2.f4 d5 3.exd5 Qxd5 4.Nc3 Qd8 5.Nf3 g6 6.Ne5 Bg7 7.Bb5+ Nd7 8.d4 cxd4
9.Qxd4 Nf6 10.Be3 O-O 11.O-O-O Qa5 12.h3 Nxe5 13.fxe5 Ne8 14.Bg5 a6 15.Bc4 Bxe5
16.Qe3 Nd6 17.Rd5 Qb4 18.Bb3 Bxc3 19.bxc3 Qa3+ 20.Kb1 Be6 21.Rhd1 Rac8 22.Rxd6 Bxb3
23.axb3 f6 24.Bh6 exd6 25.Qe6+ Kh8 26.Qe7  1-0

[Event "Lugano op"]
[Site "Lugano"]
[Date "1983.??.??"]
[Round "?"]
[White "Kudrin, Sergey"]
[Black "Cvetkovic, Srdjan"]
[Result "0-1"]
[WhiteElo "2505"]
[BlackElo "2415"]

1.e4 c5 2.Nf3 e6 3.d4 cxd4 4.Nxd4 Nf6 5.Nc3 d6 6.Be2 Be7 7.O-O Nc6 8.Kh1 O-O
9.f4 a6 10.Nxc6 bxc6 11.e5 Ne8 12.Be3 Qc7 13.Na4 dxe5 14.Bb6 Qb8 15.Bf2 exf4
16.Nb6 c5 17.Nxa8 Qxa8 18.Bf3 Bb7 19.Be1 g5 20.Bc3 Nd6 21.Bxb7 Qxb7 22.Rxf4 f5
23.Rf1 Ne4 24.Qe1 Bf6 25.Rd1 Bxc3 26.bxc3 Qb2 27.Qe2 Qxa2 28.Rd7 g4 29.Qe3 Qc4
30.Kg1 Rf7 31.Rd8+ Kg7 32.Rf4 Qxc3 33.Rd3 Qxc2 34.h3 g3 35.Rf1 Rb7 36.Rdd1 Rb2
37.Qf3 Kg6 38.h4 Qe2 39.Qxe2 Rxe2 40.Ra1 c4 41.Rxa6 Kf6 42.Rfa1 c3 43.R6a2 Rd2
44.Kf1 c2  0-1

[Event "New York Kavkasian"]
[Site "New York"]
[Date "1983.??.??"]
[Round "?"]
[White "Henley, Ron W"]
[Black "Kudrin, Sergey"]
[Result "1/2-1/2"]
[WhiteElo "2525"]
[BlackElo "2510"]

1.d4 Nf6 2.Nf3 e6 3.e3 b6 4.Bd3 Bb7 5.O-O c5 6.b3 d5 7.Bb2 Bd6 8.Ne5 O-O
9.Qf3 Nc6 10.a3 cxd4 11.exd4 Qc7 12.Nxc6 Bxc6 13.Qh3  1/2-1/2

[Event "New York Kavkasian"]
[Site "New York"]
[Date "1983.??.??"]
[Round "?"]
[White "Lobron, Eric"]
[Black "Kudrin, Sergey"]
[Result "0-1"]
[WhiteElo "2480"]
[BlackElo "2510"]

1.e4 c5 2.Nf3 d6 3.d4 cxd4 4.Nxd4 Nf6 5.Nc3 g6 6.Be3 Bg7 7.f3 O-O 8.Qd2 Nc6
9.O-O-O d5 10.Nxc6 bxc6 11.Bh6 e6 12.h4 Bh8 13.h5 Nxh5 14.Bxf8 Qxf8 15.g4 Ng3
16.Rh3 Rb8 17.a3 Be5 18.Qf2 Bf4+ 19.Kb1 Nxf1 20.Rxf1 Qxa3 21.Nd1 Be5 22.c3 Ba6
23.f4 Bxf1 24.Qxf1 Bg7 25.e5 Qa4 26.Qf3 g5 27.fxg5 Bxe5 28.Qd3 Qxg4 29.Qxh7+ Kf8
30.Ne3 Qe2 31.Nc2 Ke7 32.Re3 Qd1+ 33.Ka2 Rh8  0-1

[Event "New York Kavkasian"]
[Site "New York"]
[Date "1983.??.??"]
[Round "?"]
[White "Spraggett, Kevin"]
[Black "Kudrin, Sergey"]
[Result "1/2-1/2"]
[WhiteElo "2490"]
[BlackElo "2510"]

1.c4 c5 2.Nf3 b6 3.Nc3 Bb7 4.d4 cxd4 5.Nxd4 Nf6 6.f3 d6 7.e4 e6 8.Be2 a6
9.O-O Nbd7 10.Be3 Be7 11.Qd2 O-O 12.Rfd1 Qc7 13.Rac1 Rac8 14.Bf1 Rfe8 15.Qf2 Qb8
16.a3 Bd8 17.b4 Ne5 18.Nb3 Nxc4 19.Bxc4 Rxc4 20.Bxb6 Ba8 21.Bxd8 Rxd8 22.Na5 Rcc8
23.Qd4 h6 24.Na4 d5 25.e5 Nd7 26.f4 Qb5 27.Nc3 Qb6 28.Ne2 Qb5 29.Qe3 Qa4
30.Nd4 Nc5 31.f5 Ne4 32.fxe6 fxe6 33.Nxe6 Re8 34.Qa7 Rxe6 35.Rxc8+ Kh7 36.Rf1 Qxa3
37.Rxa8 Qxb4 38.Raf8 Qxa5 39.Kh1 Rxe5 40.Rh8+ Kxh8 41.Qb8+ Kh7 42.Qxe5 Qc5
43.Qf5+ Kg8 44.Qf4 a5 45.h3 a4 46.Rb1 Qf2 47.Rb8+ Kh7 48.Qxf2 Nxf2+ 49.Kg1 Ne4
50.Ra8 g5 51.Rxa4 h5 52.Rd4 Nf6 53.h4 Kg6 54.hxg5 Kxg5 55.Kf2 Kf5 56.Ke2 Ke5
57.Rh4 Kf5 58.Kd3 Kg5 59.Ra4 Kf5 60.Kd4 Kf4 61.Ra3 Ne4 62.Rf3+ Kg4 63.Kxd5 Ng5
64.Rf8 h4 65.Rg8 Kf4 66.Kd4 h3 67.gxh3 Nxh3 68.Rf8+ Kg4  1/2-1/2

[Event "New York Kavkasian"]
[Site "New York"]
[Date "1983.??.??"]
[Round "?"]
[White "Kudrin, Sergey"]
[Black "Bass, Leonid"]
[Result "1/2-1/2"]
[WhiteElo "2510"]
[BlackElo "2460"]

1.d4 Nf6 2.c4 e6 3.g3 d5 4.Bg2 c5 5.cxd5 exd5 6.Nf3 Nc6 7.O-O Be7 8.dxc5 Bxc5
9.Nbd2 O-O 10.Nb3 Bb6 11.Nbd4 Ne4  1/2-1/2

[Event "New York Kavkasian"]
[Site "New York"]
[Date "1983.??.??"]
[Round "?"]
[White "Dlugy, Maxim"]
[Black "Kudrin, Sergey"]
[Result "0-1"]
[WhiteElo "2455"]
[BlackElo "2510"]

1.d4 Nf6 2.c4 e6 3.Nf3 c5 4.d5 exd5 5.cxd5 g6 6.Nc3 Bg7 7.e4 d6 8.Nd2 O-O
9.Be2 Ne8 10.Nc4 f5 11.exf5 Bxf5 12.O-O Na6 13.a4 Nb4 14.Ne3 Bd7 15.Nc2 Nxc2
16.Qxc2 Bd4 17.Bf3 Ng7 18.Ne2 Be5 19.Bd2 Qe7 20.Bc3 Rae8 21.Ng3 Nf5 22.Rfe1 Qg7
23.Nxf5 Bxf5 24.Qd2 Bd7 25.Bxe5 Rxe5 26.Qa5 Rxe1+ 27.Rxe1 Qxb2 28.Qc7 Re8
29.Rf1 Bxa4 30.Bg4 Qb6 31.Be6+ Rxe6 32.Qxb6 axb6 33.dxe6 Kf8 34.f4 Ke7 35.g4 Kxe6
36.Re1+ Kf7 37.Kf2 b5 38.Ke3 b4 39.Kd2 d5 40.Re3 c4 41.Rh3 Kg8  0-1

[Event "New York Kavkasian"]
[Site "New York"]
[Date "1983.??.??"]
[Round "?"]
[White "Kudrin, Sergey"]
[Black "Byrne, Robert E"]
[Result "1/2-1/2"]
[WhiteElo "2510"]
[BlackElo "2515"]

1.e4 c5 2.Nf3 d6 3.d4 cxd4 4.Nxd4 Nf6 5.Nc3 a6 6.a4 e5 7.Nf3 Be7 8.Bg5 Be6
9.Nd2 Qc7 10.Bd3 Nbd7 11.O-O O-O 12.Qe2 Rac8 13.h3 Rfe8 14.Rfd1 h6 15.Bh4 d5
16.exd5  1/2-1/2